Elementary numerical analysis / (Record no. 217995)
[ view plain ]
| 000 -LEADER | |
|---|---|
| fixed length control field | 01045 a2200229 4500 |
| 003 - CONTROL NUMBER IDENTIFIER | |
| control field | Nust |
| 005 - DATE AND TIME OF LATEST TRANSACTION | |
| control field | 20221128140810.0 |
| 010 ## - LIBRARY OF CONGRESS CONTROL NUMBER | |
| LC control number | 92030897 |
| 020 ## - INTERNATIONAL STANDARD BOOK NUMBER | |
| International Standard Book Number | 047150999X |
| 040 ## - CATALOGING SOURCE | |
| Transcribing agency | Nust |
| 082 00 - DEWEY DECIMAL CLASSIFICATION NUMBER | |
| Classification number | 519.4,ATK |
| 100 1# - MAIN ENTRY--PERSONAL NAME | |
| Personal name | Atkinson, Kendall E. |
| 9 (RLIN) | 67288 |
| 245 10 - TITLE STATEMENT | |
| Title | Elementary numerical analysis / |
| Statement of responsibility, etc. | Kendall Atkinson. |
| 250 ## - EDITION STATEMENT | |
| Edition statement | 2nd ed. |
| 260 ## - PUBLICATION, DISTRIBUTION, ETC. | |
| Place of publication, distribution, etc. | New York : |
| Name of publisher, distributor, etc. | Wiley, |
| Date of publication, distribution, etc. | c1993. |
| 300 ## - PHYSICAL DESCRIPTION | |
| Extent | xiii, 425 p. : |
| Other physical details | ill. ; |
| Dimensions | 25 cm. |
| 505 ## - FORMATTED CONTENTS NOTE | |
| Formatted contents note | Taylor Polynomials (Page-1), Computer Representation of Numbers (Page-19), Errors (Page-35), Rootfinding (Page-61), Interpolation (Page-101), Approximation of Functions (Page-141), Numerical Integration and Differentiation (Page-161), Solution of Systems of Linear Equations (Page-205), The Numerical Solution of Differential Equation (Page-303). |
| 650 #0 - SUBJECT ADDED ENTRY--TOPICAL TERM | |
| Topical term or geographic name entry element | Numerical analysis. |
| 9 (RLIN) | 103 |
| 856 42 - ELECTRONIC LOCATION AND ACCESS | |
| Materials specified | Publisher description |
| Uniform Resource Identifier | <a href="http://www.loc.gov/catdir/description/wiley032/92030897.html">http://www.loc.gov/catdir/description/wiley032/92030897.html</a> |
| 856 42 - ELECTRONIC LOCATION AND ACCESS | |
| Materials specified | Table of Contents |
| Uniform Resource Identifier | <a href="http://www.loc.gov/catdir/toc/onix03/92030897.html">http://www.loc.gov/catdir/toc/onix03/92030897.html</a> |
| 942 ## - ADDED ENTRY ELEMENTS (KOHA) | |
| Source of classification or shelving scheme | |
| Koha item type | Book |
| Withdrawn status | Lost status | Source of classification or shelving scheme | Damaged status | Not for loan | Permanent Location | Current Location | Shelving location | Date acquired | Full call number | Barcode | Date last seen | Price effective from | Koha item type | Public note |
|---|---|---|---|---|---|---|---|---|---|---|---|---|---|---|
| Military College of Signals (MCS) | Military College of Signals (MCS) | General Stacks | 12/12/2016 | 519.4, ATK | MCS28131 | 12/08/2016 | 12/12/2016 | Book | Almirah No.14, Shelf No.3 |
